| 000 | 00453nab a2200145Ia 4500 | ||
|---|---|---|---|
| 003 | ES-SlBCS | ||
| 005 | 20210601133736.0 | ||
| 008 | 140529s2001 xxu||||| |||| 00| 0 por d | ||
| 041 | _apor | ||
| 100 | 1 |
_aBittencourt, Jane _9209048 |
|
| 245 | 0 | 0 |
_aPara além da epistemología do profesor _c Jane Bittencourt |
| 650 | 0 | 4 |
_aEducación-Epistemología _9209049 |
| 773 | 0 |
_tEducaçao e Filosofia _gvol. 15, nº. 30, 2001, págs. 89-102 _wRev1534 |
|
| 942 | _cAR | ||
| 999 |
_c601390 _d601390 |
||